Geology of southern Jackson County and vicinity. (Record no. 28884)
[ view plain ]
| 000 -LEADER | |
|---|---|
| fixed length control field | 00738cam a22002171 4500 |
| 001 - CONTROL NUMBER | |
| control field | gs 54000247 |
| 003 - CONTROL NUMBER IDENTIFIER | |
| control field | DLC |
| 005 - DATE AND TIME OF LATEST TRANSACTION | |
| control field | 20260227111402.0 |
| 008 - FIXED-LENGTH DATA ELEMENTS--GENERAL INFORMATION | |
| fixed length control field | 790612s1953 sdub s000 0 eng |
| 010 ## - LIBRARY OF CONGRESS CONTROL NUMBER | |
| LC control number | gs 54000247 |
| 035 ## - SYSTEM CONTROL NUMBER | |
| System control number | (OCoLC)5058455 |
| 040 ## - CATALOGING SOURCE | |
| Original cataloging agency | DLC |
| Transcribing agency | TxCM |
| Modifying agency | DLC |
| 050 00 - LIBRARY OF CONGRESS CALL NUMBER | |
| Classification number | QE164.J2 |
| Item number | B3 |
| 100 1# - MAIN ENTRY--PERSONAL NAME | |
| Personal name | Baker, Charles Laurence, |
| Dates associated with a name | 1887- |
| 245 10 - TITLE STATEMENT | |
| Title | Geology of southern Jackson County and vicinity. |
| 260 ## - PUBLICATION, DISTRIBUTION, ETC. | |
| Place of publication, distribution, etc. | Vermillion, |
| Name of publisher, distributor, etc. | University of South Dakota, |
| Date of publication, distribution, etc. | 1953. |
| 300 ## - PHYSICAL DESCRIPTION | |
| Extent | 14 p. |
| Other physical details | fold. map. |
| 490 1# - SERIES STATEMENT | |
| Series statement | South Dakota. State Geological Survey. Report of investigations, |
| Volume/sequential designation | no. 73 |
| 650 #0 - SUBJECT ADDED ENTRY--TOPICAL TERM | |
| Topical term or geographic name entry element | Geology |
| Geographic subdivision | South Dakota |
| -- | Jackson County. |
| 830 #0 - SERIES ADDED ENTRY--UNIFORM TITLE | |
| Uniform title | Report of investigations (South Dakota Geological Survey) ; |
| Volume/sequential designation | no. 73. |
No items available.